00463 2200181 4500001002100000005001500021035002000036245004700056100002000103856002000123260003100143082001100174084001700185020002200202990001900224990001900243990001900262INLIS00000000000100520260204075623 a0010-02260000951 aMenulis Artikel Opini & Kolom Dimedia Masa0 aKunjana Rahardi aRuang Baca Umum aJakarta :bErlangga,c2012 a808.02 a808.02 KUN m a978-979-099-885-8 a800.2015.00955 a800.2015.00956 a800.2015.00957